000 00917cam a2200217 4500
001 ABS63300
008 000000n2000 000 0 eng u
035 _a(Sirsi) u110228
245 _aExpert witness supplement
260 _c2000
490 _aSolicitors' Journal Expert Witness Supplement
_vWinter 2000 (LOAN)
520 _aThe results of the Bond Solon Survey of Expert Witnesses, the pros and cons for accreditation by an independent body of expert witnesses, guidance on calculation of quantum in loss of profits claims, selecting forensic experts and resolving partnership disputes are discussed.
590 _aABS
650 _aEXPERT WITNESSES
650 _aACCREDITATION
650 _aLOSS OF PROFITS
650 _aDAMAGES
650 _aPARTNERSHIP DISPUTES
690 _aMANAGEMENT-DISPUTE AVOIDANCE, MANAGEMENT AND RESOLUTION-DISPUTE MANAGEMENT AND RESOLUTION-EXPERT WITNESSES
942 _n0
999 _c65733
_d65733